| 000 | 00534nam a2200229 a 4500 | ||
|---|---|---|---|
| 001 | nice12345678 | ||
| 003 | IN_TiNIC | ||
| 005 | 20260116011427.0 | ||
| 008 | 050524s1925 laha grp 000 0 urd | ||
| 020 |
_a _c100 |
||
| 082 | 0 | 0 |
_a239 _bPFA4 |
| 100 | _aPfander, C G | ||
| 245 | _aMizan-Ul-Haqq. | ||
| 260 |
_aLahore _bPunjab Religious Booksociety _c1925 |
||
| 300 | _a496p | ||
| 500 | _aincludes index and biblioraphy | ||
| 505 | 2 | _aArchives | |
| 650 | _aApologetics | ||
| 902 | _bSRS | ||
| 942 | _cBK | ||
| 999 |
_c1436 _d1436 |
||